000 00598nam a2200193 a 4500
005 20210223123710.0
008 991125s1989 mx 000 0 spa u
020 _a9682430739
035 _aUPN01000058235
049 _aCG
050 4 _aHD4981
_bM3.9 1989
100 1 _aMartín del Campo, Rafael
_929663
245 1 0 _aValuación y compensación objetivas de sueldos :
_bguía práctica para operar un sistema de salarios /
_cRafael Martín del Campo.
250 _a2a ed.
260 _aMéxico :
_bTrillas,
_c1989.
300 _a160 p.
650 4 _aSALARIOS -
_xADMINISTRACION
905 _aLibro
999 _c58235
_d58235